000 00545nam a2200193Ia 4500
001 23439
003 GE_BSU
008 181216s||||||||xx |||||||||||||| ||und||
040 _cGE_BSU
245 _aБанковские технологии № 08(270) 2018
245 _cГл. ред. Д.Н.Логунов
260 _aмосква
260 _c2018г
300 _a56c;29cm;
653 _aБанковские технологии № 08(270) 2018
653 _aПериодика
653 _aპერიოდიკა
942 _cCR
999 _c56326
_d56326